000 01196nam a22000977a 4500
008 220207b ||||| |||| 00| 0 eng d
100 _aClarke, Tom
245 _aA catalog of Philadelphia postmarks (PART 2)
260 _aPhiladelphia
_bauthor
_c1990
650 _aUnited States -- Pennsylvania -- Philadelphia | Postal Markings | Postal History | 18th Century | 19th Century | 20th Century | Machine Cancels | Catalogs and Price Lists | Covers | Pre-adhesive Covers | Fee Paid Mail | Post Offices | Post Office Equipment | Machine Cancels | Transportation of Mail | Railway Mail | Shipping Companies and Packet Service | Maritime Mail | International Mail | Air Mail | Air Mail -- First Flights | Air Mail -- Flights | Registered Mail | Free Franks | Official Mail | Locals and Private Posts | Metered Mail | Permit and Penalty Mail | Bar Coding | Automation | Forwarding Agents | Express Companies | Precancels | Undeliverable Mail | Express Mail | Special Delivery | Postage Dues | Parcel Post | Forgeries and Counterfeits | Postal Markings -- Bogus and Forged | Perfins | Money Orders | Money Order Offices | Telegraph Offices | Telegraph Companies | Bibliographies | British America | British Colonies
999 _c3319
_d3319